[Event "KNSB Meesterklasse 2023-2024"]
[Site "?"]
[Date "2023.10.07"]
[Round "2.2"]
[White "De Wit, Michel"]
[Black "De Boer, Eelke"]
[Result "0-1"]
[WhiteElo "2130"]
[BlackElo "2270"]
[PlyCount "210"]
[EventDate "2023.09.16"]
[EventType "team-tourn"]
[EventRounds "9"]
[EventCountry "NED"]
[WhiteTeam "Charlois Europoort"]
[BlackTeam "Groninger Combinatie"]
[WhiteTeamCountry "NED"]
[BlackTeamCountry "NED"]

1. e4 e6 2. d4 d5 3. Nd2 c5 4. exd5 Qxd5 5. Ngf3 cxd4 6. Bc4 Qd7 7. Nb3 Qc7 8.
Bb5+ Bd7 9. Bxd7+ Nxd7 10. Nbxd4 Ngf6 11. O-O Bc5 12. Nb5 Qb6 13. c4 O-O 14.
Qe2 Rac8 15. b3 e5 16. Nc3 Qc6 17. Nxe5 Nxe5 18. Qxe5 Rfe8 19. Qg3 Bd4 20. Bb2
Ne4 21. Qh3 Rcd8 22. Nxe4 Bxb2 23. Rab1 Qxe4 24. Rxb2 Rd3 25. g3 Qd4 26. Rbb1
g6 27. Qg2 Rd2 28. Qxb7 Ree2 29. Qf3 Rxa2 30. Rbd1 Red2 31. Rxd2 Rxd2 32. Re1
Rd3 33. Re3 Rd1+ 34. Kg2 Qd7 35. Qf6 Qb7+ 36. Qf3 Qd7 37. Re7 Qxe7 38. Qxd1
Qe4+ 39. Qf3 Qc2 40. Qe3 h5 41. Qxa7 Qe4+ 42. f3 Qc2+ 43. Qf2 Qxb3 44. Qe2 Qc3
45. f4 Kh7 46. Kf2 h4 47. gxh4 Qh3 48. Qe5 Qxh2+ 49. Ke3 Qxh4 50. c5 Qe1+ 51.
Kd4 Qd2+ 52. Kc4 Qc2+ 53. Kb5 Qb3+ 54. Kc6 Qa4+ 55. Kd6 Qa8 56. Kd7 Qb7+ 57.
Kd8 Qa8+ 58. Ke7 Kg8 59. Qd6 Qe4+ 60. Qe5 Qa8 61. Qc7 Qe4+ 62. Kd8 Qd5+ 63. Qd6
Qa8+ 64. Ke7 Qe4+ 65. Qe5 Qa8 66. Qd4 Qa7+ 67. Kf6 Qa6+ 68. Kg5 Qc6 69. Qe5 Qd7
70. Qb8+ Kg7 71. Qb2+ Kg8 72. Qc2 Qc6 73. Kg4 Qe6+ 74. Kg3 Qe3+ 75. Kg4 Qe6+
76. Kf3 Qh3+ 77. Ke2 Qg2+ 78. Kd3 Qf3+ 79. Kd4 Qxf4+ 80. Kd5 Qf3+ 81. Kd4 Qf6+
82. Kd5 Qe6+ 83. Kd4 Qc6 84. Qe2 Kf8 85. Qe5 f6 86. Qb8+ Ke7 87. Qg8 Qa4+ 88.
Ke3 Qa3+ 89. Ke2 Qb2+ 90. Kf3 Qc3+ 91. Ke2 Qc2+ 92. Ke1 Qe4+ 93. Kd1 Kd7 94.
Qf7+ Kc6 95. Qxf6+ Kxc5 96. Qf2+ Kc4 97. Qf8 Kd3 98. Qa3+ Kd4 99. Qa7+ Ke5 100.
Qc7+ Kf5 101. Qf7+ Kg4 102. Qd7+ Kh4 103. Kd2 g5 104. Qd6 Qf4+ 105. Qxf4+ gxf4
0-1

[Event "KNSB Meesterklasse 2023-2024"]
[Site "?"]
[Date "2023.10.07"]
[Round "2.3"]
[White "Ernst, Sipke"]
[Black "Holwijn, Melvin"]
[Result "1-0"]
[WhiteElo "2550"]
[BlackElo "1937"]
[PlyCount "115"]
[EventDate "2023.09.16"]
[EventType "team-tourn"]
[EventRounds "9"]
[EventCountry "NED"]
[WhiteTeam "Groninger Combinatie"]
[BlackTeam "Charlois Europoort"]
[WhiteTeamCountry "NED"]
[BlackTeamCountry "NED"]

1. d4 d5 2. c4 c6 3. cxd5 cxd5 4. Bf4 Nc6 5. Nc3 Nf6 6. e3 a6 7. Bd3 e6 8. Rc1
Be7 9. h3 h6 10. Nf3 O-O 11. O-O Bd7 12. Qe2 Rc8 13. Rfd1 Na5 14. Ne5 b5 15.
Bg3 Nc4 16. b3 Nd6 17. a4 Nfe4 18. Bxe4 Nxe4 19. Nxe4 dxe4 20. Qa2 Bb4 21. axb5
Bxb5 22. Rxc8 Qxc8 23. Qb1 Qb7 24. Rc1 Ba3 25. Rc2 Bd3 26. Nxd3 exd3 27. Ra2
Rc8 28. Qxd3 Rc1+ 29. Kh2 Qb4 30. Rc2 Rxc2 31. Qxc2 Qb7 32. e4 Bf8 33. Qd3 Qb5
34. Qd1 f5 35. d5 exd5 36. exd5 g5 37. Be5 Qc5 38. Qh5 Bg7 39. Qg6 Qe7 40. Bxg7
Qxg7 41. Qxf5 Qe7 42. g3 Kg7 43. Kg2 Qb7 44. Qf3 Qb4 45. Qe3 a5 46. Qe5+ Kg6
47. Qe8+ Kg7 48. Qd7+ Kf8 49. Qf5+ Kg7 50. Qe5+ Kg6 51. Qe6+ Kg7 52. d6 Qb7+
53. Kg1 Qc6 54. Qe7+ Kg6 55. d7 Qc1+ 56. Kh2 Qd2 57. Qe6+ Kh7 58. Kg2 1-0

[Event "KNSB Meesterklasse 2023-2024"]
[Site "?"]
[Date "2023.10.07"]
[Round "2.4"]
[White "Garrido Dominguez, Jesus"]
[Black "Maatman, Nick"]
[Result "1/2-1/2"]
[WhiteElo "2412"]
[BlackElo "2362"]
[PlyCount "171"]
[EventDate "2023.09.16"]
[EventType "team-tourn"]
[EventRounds "9"]
[EventCountry "NED"]
[WhiteTeam "Charlois Europoort"]
[BlackTeam "Groninger Combinatie"]
[WhiteTeamCountry "NED"]
[BlackTeamCountry "NED"]

1. e4 e5 2. Nf3 Nc6 3. Bc4 Bc5 4. d3 Nf6 5. c3 a6 6. b4 Ba7 7. Nbd2 d6 8. h3 h6
9. Bb3 Be6 10. Bc2 Qd7 11. a3 Rd8 12. Qe2 O-O 13. g4 Nh7 14. Nf1 Ne7 15. Bb2
Ng6 16. O-O-O c5 17. d4 cxd4 18. cxd4 Qc7 19. Kb1 a5 20. Ne3 axb4 21. axb4 Nf6
22. Rhe1 Rfe8 23. dxe5 dxe5 24. Rxd8 Rxd8 25. Nd5 Nxd5 26. exd5 Bxd5 27. Nxe5
Nxe5 28. Bxe5 Qc6 29. Bb2 Bb8 30. b5 Qc8 31. Rd1 Re8 32. Qd2 Be4 33. Bxe4 Rxe4
34. Qd8+ Re8 35. Qxc8 Rxc8 36. Rd7 Bc7 37. Bd4 b6 38. Kb2 Kf8 39. Kb3 Ke8 40.
Rd5 f6 41. Be3 Ke7 42. Rd4 Bd8 43. Ra4 Ke6 44. Ra6 Kd5 45. Bxb6 Bxb6 46. Rxb6
Kc5 47. Rb7 g5 48. Rf7 Kxb5 49. Rxf6 Rh8 50. Kc3 Kc5 51. Kd3 Kd5 52. Ke3 Ke5
53. Ra6 Rh7 54. Kf3 Rh8 55. Kg3 Rh7 56. h4 gxh4+ 57. Kxh4 Rf7 58. Kg3 Rh7 59.
f4+ Ke4 60. Re6+ Kd5 61. Re5+ Kd4 62. Rh5 Ke4 63. g5 Kf5 64. gxh6+ Kg6 65. Kg4
Kf7 66. Kg5 Kg8 67. Rh4 Rb7 68. h7+ Kh8 69. f5 Rb6 70. Rh3 Ra6 71. Rh5 Rb6 72.
Rh4 Ra6 73. Rh5 Rb6 74. Kf4 Ra6 75. Kg5 Rb6 76. Rh3 Ra6 77. Rf3 Kxh7 78. f6 Kg8
79. Re3 Kf7 80. Re7+ Kf8 81. Rb7 Ra1 82. Kg6 Rg1+ 83. Kf5 Rf1+ 84. Ke6 Re1+ 85.
Kf5 Rf1+ 86. Ke6 1/2-1/2

[Event "KNSB Meesterklasse 2023-2024"]
[Site "?"]
[Date "2023.10.07"]
[Round "2.5"]
[White "Van der Hagen, Loek"]
[Black "Kunin, Vitaly"]
[Result "1/2-1/2"]
[WhiteElo "2269"]
[BlackElo "2532"]
[PlyCount "68"]
[EventDate "2023.09.16"]
[EventType "team-tourn"]
[EventRounds "9"]
[EventCountry "NED"]
[WhiteTeam "Groninger Combinatie"]
[BlackTeam "Charlois Europoort"]
[WhiteTeamCountry "NED"]
[BlackTeamCountry "NED"]

1. e4 d6 2. d4 Nf6 3. Nc3 e5 4. Nf3 Nbd7 5. Bc4 Be7 6. O-O O-O 7. a4 c6 8. Re1
exd4 9. Nxd4 Ne5 10. Ba2 Re8 11. f3 Bd7 12. Be3 Qc7 13. Qd2 Rad8 14. Rad1 a6
15. Qf2 b5 16. Nf5 Bxf5 17. exf5 Rb8 18. Bd4 Ned7 19. Qg3 Qa5 20. Ne4 d5 21. b4
Qxb4 22. Bc3 Qa3 23. Bb3 Bd8 24. Qxb8 Nxe4 25. Rxe4 dxe4 26. Qb7 Qc5+ 27. Kh1
exf3 28. Qxd7 fxg2+ 29. Kxg2 Re2+ 30. Kh1 Rxh2+ 31. Kxh2 Qf2+ 32. Kh1 Qf3+ 33.
Kh2 Qf2+ 34. Kh1 Qf3+ 1/2-1/2

[Event "KNSB Meesterklasse 2023-2024"]
[Site "?"]
[Date "2023.10.07"]
[Round "2.6"]
[White "Vandenbussche, Thibaut"]
[Black "Jacobs, Florian"]
[Result "1-0"]
[WhiteElo "2439"]
[BlackElo "2225"]
[PlyCount "109"]
[EventDate "2023.09.16"]
[EventType "team-tourn"]
[EventRounds "9"]
[EventCountry "NED"]
[WhiteTeam "Charlois Europoort"]
[BlackTeam "Groninger Combinatie"]
[WhiteTeamCountry "NED"]
[BlackTeamCountry "NED"]

1. e4 e5 2. Nf3 Nc6 3. d4 exd4 4. Bc4 Bc5 5. Ng5 Nh6 6. Nxf7 Nxf7 7. Bxf7+ Kxf7
8. Qh5+ g6 9. Qxc5 d5 10. c3 dxe4 11. O-O Qd6 12. Qxd6 cxd6 13. cxd4 Nxd4 14.
Nc3 Bf5 15. Bh6 Nc6 16. h3 g5 17. Rad1 Rhg8 18. g4 Bg6 19. f4 exf3 20. Rxf3+
Ke6 21. Nd5 Ne5 22. Rf6+ Kd7 23. Rf2 Rgc8 24. Bxg5 Rc2 25. Bf4 Rxf2 26. Kxf2
Nd3+ 27. Kg3 Nxf4 28. Nxf4 Be4 29. Rd4 Bc6 30. g5 Re8 31. h4 Re1 32. Kg4 Be4
33. Nh5 Bb1 34. Nf6+ Ke6 35. Kh5 Rh1 36. a3 a5 37. Kh6 Ke5 38. Rd5+ Ke6 39. h5
b6 40. Rb5 a4 41. Rxb6 Ke5 42. Rb7 Bg6 43. Rb5+ Ke6 44. Ra5 Rh4 45. Ra7 Ke5 46.
Ra5+ Ke6 47. Rb5 Bc2 48. Rb7 d5 49. Nxh7 d4 50. g6 Bd1 51. g7 Rxh5+ 52. Kg6
Bc2+ 53. Kxh5 Bxh7 54. Kh6 Bg8 55. Rb8 1-0

[Event "KNSB Meesterklasse 2023-2024"]
[Site "?"]
[Date "2023.10.07"]
[Round "2.8"]
[White "Geirnaert, Steven"]
[Black "Hilwerda, Jonas"]
[Result "1-0"]
[WhiteElo "2425"]
[BlackElo "2258"]
[PlyCount "115"]
[EventDate "2023.09.16"]
[EventType "team-tourn"]
[EventRounds "9"]
[EventCountry "NED"]
[WhiteTeam "Charlois Europoort"]
[BlackTeam "Groninger Combinatie"]
[WhiteTeamCountry "NED"]
[BlackTeamCountry "NED"]

1. d4 Nf6 2. c4 e6 3. Nc3 Bb4 4. e3 O-O 5. Bd3 d5 6. cxd5 exd5 7. Nge2 Re8 8.
Bd2 b6 9. Rc1 Bf8 10. O-O Bb7 11. Nf4 c5 12. Qf3 Na6 13. Ncxd5 Nxd5 14. Nxd5
Bxd5 15. Qh3 Be4 16. Bxa6 Re6 17. f3 Rh6 18. Qxh6 gxh6 19. fxe4 cxd4 20. Bc4
dxe3 21. Bc3 Qd7 22. Rxf7 Qxf7 23. Bd4 Re8 24. Bxf7+ Kxf7 25. Rc7+ Kg8 26. e5
e2 27. Kf2 Bd6 28. Rxa7 Bxe5 29. Bxe5 Rxe5 30. Ke1 Rg5 31. Re7 Rxg2 32. Rxe2
Rg4 33. Re3 Kf7 34. Rb3 Rg6 35. Ke2 Ke7 36. Kd3 Kd7 37. Kc4 Kc6 38. Rh3 Rg4+
39. Kb3 Rg6 40. Rh5 Rf6 41. Ka4 Rf4+ 42. b4 Rf6 43. Rh3 Kb7 44. Re3 Rf2 45.
Re7+ Kc6 46. Re6+ Kb7 47. Rxh6 Rf7 48. Rh4 Re7 49. b5 Rf7 50. Kb4 Rc7 51. a4
Rd7 52. a5 bxa5+ 53. Kxa5 Rf7 54. Rh6 Rg7 55. h4 Re7 56. Rf6 Rg7 57. h5 Re7 58.
h6 1-0

[Event "KNSB Meesterklasse 2023-2024"]
[Site "?"]
[Date "2023.10.07"]
[Round "2.9"]
[White "Elgersma, Simon"]
[Black "Pascual Palomo, Lucia"]
[Result "1-0"]
[WhiteElo "2248"]
[BlackElo "2100"]
[PlyCount "35"]
[EventDate "2023.09.16"]
[EventType "team-tourn"]
[EventRounds "9"]
[EventCountry "NED"]
[WhiteTeam "Groninger Combinatie"]
[BlackTeam "Charlois Europoort"]
[WhiteTeamCountry "NED"]
[BlackTeamCountry "NED"]

1. e4 e6 2. d4 d5 3. Nc3 Bb4 4. Bd3 c5 5. exd5 Qxd5 6. Bd2 Bxc3 7. Bxc3 Nf6 8.
dxc5 Nbd7 9. b4 Qxg2 10. Qf3 Qg5 11. Ne2 Ne5 12. Bb5+ Nfd7 13. Qe4 f6 14. Rg1
Qh6 15. Bxe5 fxe5 16. Rd1 Rb8 17. Qxe5 Qf6 18. Bxd7+ 1-0

[Event "KNSB Meesterklasse 2023-2024"]
[Site "?"]
[Date "2023.10.07"]
[Round "2.10"]
[White "Kollen, Zyon"]
[Black "Noordenbos, Daan"]
[Result "1-0"]
[WhiteElo "2343"]
[BlackElo "2077"]
[PlyCount "39"]
[EventDate "2023.09.16"]
[EventType "team-tourn"]
[EventRounds "9"]
[EventCountry "NED"]
[WhiteTeam "Charlois Europoort"]
[BlackTeam "Groninger Combinatie"]
[WhiteTeamCountry "NED"]
[BlackTeamCountry "NED"]

1. d4 e6 2. Nc3 d5 3. e4 Nf6 4. Bg5 dxe4 5. Nxe4 Nbd7 6. Nf3 Be7 7. Nxf6+ Bxf6
8. h4 O-O 9. Bd3 h6 10. Qe2 Re8 11. Qe4 Nf8 12. Bxf6 Qxf6 13. Ne5 c5 14. g4 Rd8
15. g5 Qf5 16. Qe3 cxd4 17. Qg3 Re8 18. Bxf5 exf5 19. gxh6 g6 20. O-O-O 1-0

[Event "KNSB Meesterklasse 2023-2024"]
[Site "?"]
[Date "2023.10.07"]
[Round "2.5"]
[White "Bosch, Jeroen"]
[Black "Ris, Robert"]
[Result "1/2-1/2"]
[WhiteElo "2408"]
[BlackElo "2445"]
[PlyCount "42"]
[EventDate "2023.09.16"]
[EventType "team-tourn"]
[EventRounds "9"]
[EventCountry "NED"]
[WhiteTeam "HMC Den Bosch"]
[BlackTeam "Zukertort Amstelveen"]
[WhiteTeamCountry "NED"]
[BlackTeamCountry "NED"]

1. e4 c5 2. Nf3 Nc6 3. d4 cxd4 4. Nxd4 Nf6 5. Nc3 e5 6. Ndb5 d6 7. Nd5 Nxd5 8.
exd5 Ne7 9. c4 Ng6 10. Qa4 Bd7 11. Qb4 Bf5 12. h4 h5 13. Bg5 Qb8 14. Be2 a6 15.
Nc3 Qc7 16. Qa4+ Bd7 17. Qb3 Be7 18. Be3 Nf4 19. Bb6 Qc8 20. Bf1 Bf5 21. O-O-O
e4 1/2-1/2

[Event "KNSB Meesterklasse 2023-2024"]
[Site "?"]
[Date "2023.10.07"]
[Round "2.5"]
[White "De Winter, Arthur"]
[Black "Fridman, Daniel"]
[Result "1/2-1/2"]
[WhiteElo "2393"]
[BlackElo "2577"]
[PlyCount "79"]
[EventDate "2023.09.16"]
[EventType "team-tourn"]
[EventRounds "9"]
[EventCountry "NED"]
[WhiteTeam "Zukertort Amstelveen"]
[BlackTeam "HMC Den Bosch"]
[WhiteTeamCountry "NED"]
[BlackTeamCountry "NED"]

1. e4 e6 2. d4 d5 3. Nc3 Nf6 4. e5 Nfd7 5. f4 c5 6. Nf3 Nc6 7. Be3 cxd4 8. Nxd4
Qb6 9. Qd2 Qxb2 10. Rb1 Qa3 11. Bb5 Nxd4 12. Bxd4 a6 13. Bxd7+ Bxd7 14. Rb3 Qe7
15. Rxb7 Qh4+ 16. g3 Qd8 17. O-O Qc8 18. Rb3 Bc5 19. Qe3 Bxd4 20. Qxd4 O-O 21.
Rfb1 Bb5 22. Rb4 Qc7 23. a4 Bc6 24. Nd1 a5 25. Rb6 Rfc8 26. Ne3 Qd7 27. f5 exf5
28. Rf1 g6 29. g4 f4 30. Rxf4 Rab8 31. Rxb8 Rxb8 32. c3 Rb1+ 33. Rf1 Qb7 34. c4
Rxf1+ 35. Kxf1 dxc4 36. Qd8+ Kg7 37. Qf6+ Kg8 38. Qd8+ Kg7 39. Qf6+ Kg8 40.
Qd8+ 1/2-1/2

[Event "KNSB Meesterklasse 2023-2024"]
[Site "?"]
[Date "2023.10.07"]
[Round "2.5"]
[White "Schoorl, Rob"]
[Black "Strating, Sybolt"]
[Result "1/2-1/2"]
[WhiteElo "2340"]
[BlackElo "2316"]
[PlyCount "47"]
[EventDate "2023.09.16"]
[EventType "team-tourn"]
[EventRounds "9"]
[EventCountry "NED"]
[WhiteTeam "HMC Den Bosch"]
[BlackTeam "Zukertort Amstelveen"]
[WhiteTeamCountry "NED"]
[BlackTeamCountry "NED"]

1. Nf3 d5 2. c4 c6 3. e3 Nf6 4. Nc3 a6 5. Qc2 e6 6. b3 Bd6 7. d4 Nbd7 8. Bb2
Qe7 9. Bd3 h6 10. O-O O-O 11. Rad1 b6 12. e4 dxe4 13. Nxe4 Nxe4 14. Bxe4 Bb7
15. c5 Bc7 16. Rfe1 Nf6 17. Bd3 Nd5 18. a3 a5 19. Ne5 Bxe5 20. Rxe5 Ba6 21. Bc4
Rfd8 22. Qe2 Qb7 23. g3 Ne7 24. Bc3 1/2-1/2

[Event "KNSB Meesterklasse 2023-2024"]
[Site "?"]
[Date "2023.10.07"]
[Round "2.5"]
[White "Peelen, Piet"]
[Black "Martens, Martin"]
[Result "1/2-1/2"]
[WhiteElo "2344"]
[BlackElo "2321"]
[PlyCount "33"]
[EventDate "2023.09.16"]
[EventType "team-tourn"]
[EventRounds "9"]
[EventCountry "NED"]
[WhiteTeam "Zukertort Amstelveen"]
[BlackTeam "HMC Den Bosch"]
[WhiteTeamCountry "NED"]
[BlackTeamCountry "NED"]

1. d4 Nf6 2. c4 e6 3. g3 d5 4. Nf3 dxc4 5. Qa4+ Nbd7 6. Bg2 a6 7. Qxc4 b5 8.
Qc6 Rb8 9. Bf4 Bb7 10. Qxc7 Bb4+ 11. Nbd2 Qxc7 12. Bxc7 Rc8 13. Bf4 Rc2 14. O-O
Rxb2 15. Rfb1 Rxb1+ 16. Rxb1 Be7 17. Rc1 1/2-1/2

[Event "KNSB Meesterklasse 2023-2024"]
[Site "?"]
[Date "2023.10.07"]
[Round "2.5"]
[White "Burg, Twan"]
[Black "Van Gisbergen, Stan"]
[Result "1/2-1/2"]
[WhiteElo "2531"]
[BlackElo "2278"]
[PlyCount "160"]
[EventDate "2023.09.16"]
[EventType "team-tourn"]
[EventRounds "9"]
[EventCountry "NED"]
[WhiteTeam "HMC Den Bosch"]
[BlackTeam "Zukertort Amstelveen"]
[WhiteTeamCountry "NED"]
[BlackTeamCountry "NED"]

1. e4 e5 2. Nf3 Nc6 3. Bb5 a6 4. Ba4 Nf6 5. O-O Be7 6. Re1 b5 7. Bb3 O-O 8. a4
Bb7 9. d3 d6 10. Nbd2 Na5 11. Ba2 c5 12. Nf1 b4 13. c3 bxc3 14. bxc3 c4 15. Bg5
Nd7 16. Bxe7 Qxe7 17. d4 Rac8 18. Ng3 g6 19. Qb1 Ba8 20. Qb4 Nc6 21. Qa3 exd4
22. cxd4 d5 23. Qc1 dxe4 24. Nxe4 Nb4 25. Bb1 Bxe4 26. Bxe4 Qd6 27. Qc3 Nf6 28.
Ne5 Nbd5 29. Bxd5 Nxd5 30. Qf3 c3 31. Rac1 Rce8 32. h4 Re6 33. h5 f6 34. Ng4
Rfe8 35. Rxe6 Rxe6 36. g3 Qc6 37. hxg6 hxg6 38. Ne3 Nxe3 39. Qxc6 Rxc6 40. fxe3
Kf7 41. Kf2 Rc4 42. a5 Ra4 43. Rxc3 Rxa5 44. Rc7+ Ke6 45. Rc6+ Ke7 46. Kf3 Ra3
47. g4 g5 48. Ke4 a5 49. d5 Ra1 50. Re6+ Kf7 51. Ra6 a4 52. Ra7+ Kg6 53. Kd3 a3
54. Kc2 a2 55. d6 Rh1 56. d7 Rh8 57. Rxa2 Rd8 58. Ra7 Kf7 59. Kd3 Ke6 60. Ke4
Rxd7 61. Rxd7 Kxd7 62. Kd5 Ke7 63. e4 Kd7 64. e5 fxe5 65. Kxe5 Ke7 66. Kf5 Kf7
67. Kxg5 Kg7 68. Kf5 Kf7 69. Kg5 Kg7 70. Kh5 Kh7 71. Kh4 Kg6 72. g5 Kg7 73. Kh5
Kh7 74. g6+ Kg7 75. Kg5 Kg8 76. Kg4 Kg7 77. Kf5 Kg8 78. Ke6 Kg7 79. Kf5 Kg8 80.
g7 Kxg7 1/2-1/2

[Event "KNSB Meesterklasse 2023-2024"]
[Site "?"]
[Date "2023.10.07"]
[Round "2.5"]
[White "Krudde, Fitzgerald"]
[Black "Dijkhuis, Tycho"]
[Result "0-1"]
[WhiteElo "2260"]
[BlackElo "2407"]
[PlyCount "68"]
[EventDate "2023.09.16"]
[EventType "team-tourn"]
[EventRounds "9"]
[EventCountry "NED"]
[WhiteTeam "Zukertort Amstelveen"]
[BlackTeam "HMC Den Bosch"]
[WhiteTeamCountry "NED"]
[BlackTeamCountry "NED"]

1. d4 Nf6 2. Nf3 g6 3. Bf4 d6 4. h3 Bg7 5. e3 O-O 6. c3 b6 7. a4 a6 8. Nbd2 Bb7
9. Bc4 Nbd7 10. O-O c5 11. Bh2 Qc8 12. b4 d5 13. Bd3 Ne4 14. Rc1 Rd8 15. c4
cxb4 16. Qb3 a5 17. cxd5 Nc3 18. e4 Ba6 19. Nc4 Qb7 20. Bf4 Rac8 21. Be3 Nf6
22. Nfd2 Nfxe4 23. Nxe4 Bxc4 24. Bxc4 Nxe4 25. Bb5 Rxc1 26. Rxc1 Nc3 27. Kh1
Qxd5 28. Bc4 Qf5 29. d5 Be5 30. Re1 Bc7 31. Bh6 Qxf2 32. Rf1 Qg3 33. d6 Bxd6
34. Bxf7+ Kh8 0-1

[Event "KNSB Meesterklasse 2023-2024"]
[Site "?"]
[Date "2023.10.07"]
[Round "2.5"]
[White "Van der Stricht, Geert"]
[Black "Van der Eijk, Martijn"]
[Result "1-0"]
[WhiteElo "2322"]
[BlackElo "2214"]
[PlyCount "145"]
[EventDate "2023.09.16"]
[EventType "team-tourn"]
[EventRounds "9"]
[EventCountry "NED"]
[WhiteTeam "HMC Den Bosch"]
[BlackTeam "Zukertort Amstelveen"]
[WhiteTeamCountry "NED"]
[BlackTeamCountry "NED"]

1. d4 Nf6 2. c4 e6 3. Nc3 Bb4 4. e3 O-O 5. Bd3 d5 6. Nf3 dxc4 7. Bxc4 c5 8. O-O
cxd4 9. exd4 b6 10. Bg5 h6 11. Bh4 Nc6 12. Re1 Bb7 13. Bd3 Be7 14. a3 Nh5 15.
Bxe7 Nxe7 16. Be4 Bxe4 17. Nxe4 Nd5 18. Rc1 Nhf6 19. Qe2 Nxe4 20. Qxe4 Qf6 21.
Rc2 Rfd8 22. Ne5 b5 23. Rc5 a6 24. g3 Rd6 25. Rec1 Rad8 26. Rc8 Nb6 27. Rxd8+
Qxd8 28. Qb7 Qf6 29. Qb8+ Qd8 30. Qb7 Qf6 31. Qb8+ Qd8 32. Qxd8+ Rxd8 33. Rc6
Rb8 34. b3 a5 35. Rc7 f6 36. Nc6 Nd5 37. Ra7 Rc8 38. Nxa5 Rc3 39. Rb7 Nc7 40.
Kg2 Kf8 41. a4 bxa4 42. bxa4 Ke7 43. Nb3 Kd7 44. Rb8 Kc6 45. a5 Rc4 46. Rb6+
Kd5 47. Rb7 Rc6 48. Nc5 Kxd4 49. Rxc7 Rxc5 50. Rxg7 Rxa5 51. Rg6 Ke5 52. Rxh6
Ra8 53. Rg6 Kf5 54. Rg7 e5 55. h4 Ke6 56. g4 e4 57. h5 f5 58. h6 fxg4 59. Rxg4
Kf5 60. Rg3 Rh8 61. Rh3 Kg6 62. h7 Rxh7 63. Rxh7 Kxh7 64. Kg3 Kg6 65. Kf4 Kf6
66. Kxe4 Ke6 67. Kf4 Kf7 68. Kf5 Ke7 69. f3 Kf7 70. f4 Ke7 71. Kg6 Kf8 72. f5
Kg8 73. f6 1-0

[Event "KNSB Meesterklasse 2023-2024"]
[Site "?"]
[Date "2023.10.07"]
[Round "2.5"]
[White "Sminia, Jelmer"]
[Black "Margarido, Jose"]
[Result "1/2-1/2"]
[WhiteElo "2140"]
[BlackElo "2059"]
[PlyCount "107"]
[EventDate "2023.09.16"]
[EventType "team-tourn"]
[EventRounds "9"]
[EventCountry "NED"]
[WhiteTeam "Zukertort Amstelveen"]
[BlackTeam "HMC Den Bosch"]
[WhiteTeamCountry "NED"]
[BlackTeamCountry "NED"]

1. e4 c6 2. d4 d5 3. e5 Bf5 4. f4 e6 5. Nf3 h5 6. c3 Qb6 7. Qb3 c5 8. dxc5 Bxc5
9. Qxb6 Bxb6 10. Bb5+ Nd7 11. Nd4 Bg6 12. Be3 Ne7 13. Nd2 Nc6 14. Ke2 Rc8 15.
N2b3 Be4 16. Rhg1 Ke7 17. Rac1 Rc7 18. Bd3 Bxd3+ 19. Kxd3 Bxd4 20. Bxd4 b6 21.
Rgd1 Rhc8 22. Ke3 Ke8 23. Kf3 b5 24. a3 a5 25. Be3 Rb8 26. Nd4 Nxd4+ 27. Bxd4
Nc5 28. Bxc5 Rxc5 29. Ke3 g6 30. g3 Kd7 31. Ra1 Rc4 32. Rd4 Rbc8 33. Kd3 R8c6
34. Rd1 Kc8 35. Ke3 Kb7 36. Rxc4 Rxc4 37. Rd4 Rc8 38. a4 Kb6 39. Kd3 Rc7 40.
axb5 Kxb5 41. b3 Rb7 42. Ra4 Rc7 43. Ra2 Rc8 44. Kd4 Rd8 45. Ra1 Rd7 46. h3 Ra7
47. Ra2 Kc6 48. Ra3 Kb6 49. Ra1 Kc6 50. g4 hxg4 51. hxg4 Kb6 52. Ra4 Rc7 53.
Ra2 Ra7 54. Ra1 1/2-1/2

[Event "KNSB Meesterklasse 2023-2024"]
[Site "?"]
[Date "2023.10.07"]
[Round "2.5"]
[White "Dugarov, Alexei"]
[Black "Schilstra, Laurens"]
[Result "0-1"]
[WhiteElo "2212"]
[BlackElo "2087"]
[PlyCount "160"]
[EventDate "2023.09.16"]
[EventType "team-tourn"]
[EventRounds "9"]
[EventCountry "NED"]
[WhiteTeam "HMC Den Bosch"]
[BlackTeam "Zukertort Amstelveen"]
[WhiteTeamCountry "NED"]
[BlackTeamCountry "NED"]

1. e4 c5 2. Ne2 Nc6 3. Nbc3 e5 4. Nd5 Nf6 5. Nxf6+ Qxf6 6. Nc3 Qg6 7. h4 d6 8.
d3 Bg4 9. f3 Be6 10. Be3 f6 11. Nd5 Qf7 12. c4 g6 13. g3 Bg7 14. Bh3 f5 15. Qd2
O-O-O 16. b4 f4 17. Bxe6+ Qxe6 18. gxf4 exf4 19. Nxf4 Qf7 20. Rb1 Rhf8 21. O-O
Ne5 22. Kg2 Bh6 23. Nd5 g5 24. hxg5 Nxf3 25. Qe2 Qh5 26. Rxf3 Qg4+ 27. Kf2 Qh4+
28. Kg1 Qg4+ 29. Qg2 Qxf3 30. bxc5 Qxg2+ 31. Kxg2 Bg7 32. Ne7+ Kc7 33. cxd6+
Rxd6 34. Nf5 Rxd3 35. Nxg7 Kc6 36. Bxa7 Ra8 37. Rb6+ Kc7 38. Ne6+ Kc8 39. a4
Rxa7 40. Nc5 Rc3 41. Rd6 Ra5 42. Ne6 Kb8 43. Rd8+ Ka7 44. Nc7 Rxg5+ 45. Kf2
Rxc4 46. Ra8+ Kb6 47. Nd5+ Kc5 48. Ke3 Rg3+ 49. Kf4 Rh3 50. Rc8+ Kd4 51. Rd8
Rh4+ 52. Kg3 Rxe4 53. Nf6+ Kc3 54. Nxe4+ Rxe4 55. a5 Re7 56. Kf4 Kc4 57. Kf5
Kb5 58. Kf6 Rc7 59. Ra8 Rc6+ 60. Ke5 Rg6 61. Ra7 Kc6 62. a6 b5 63. Rxh7 Kb6 64.
Kd5 Kxa6 65. Kc5 Rg4 66. Rh1 Rc4+ 67. Kd5 Kb6 68. Ra1 Rh4 69. Ra8 b4 70. Rb8+
Ka5 71. Ra8+ Kb5 72. Rb8+ Ka4 73. Kc5 Ka3 74. Rb7 b3 75. Ra7+ Kb2 76. Rg7 Ka2
77. Ra7+ Kb1 78. Kd5 b2 79. Ra8 Kc2 80. Rc8+ Kb3 0-1

[Event "KNSB Meesterklasse 2023-2024"]
[Site "?"]
[Date "2023.10.07"]
[Round "2.5"]
[White "Aravindhan, Achyuth"]
[Black "Mollema, Thomas"]
[Result "0-1"]
[WhiteElo "1843"]
[BlackElo "2246"]
[PlyCount "74"]
[EventDate "2023.09.16"]
[EventType "team-tourn"]
[EventRounds "9"]
[EventCountry "NED"]
[WhiteTeam "Zukertort Amstelveen"]
[BlackTeam "HMC Den Bosch"]
[WhiteTeamCountry "NED"]
[BlackTeamCountry "NED"]

1. e4 e5 2. Nf3 Nf6 3. d4 Nxe4 4. Bd3 d5 5. Nxe5 Be7 6. O-O Nd7 7. Nc3 Ndf6 8.
Qf3 O-O 9. Bf4 c5 10. Bxe4 dxe4 11. Nxe4 Qxd4 12. Nxf6+ Bxf6 13. c3 Qa4 14. Nd3
Qb5 15. c4 Qxc4 16. Rfc1 Qd4 17. Rxc5 Rd8 18. Rd1 b6 19. Rcc1 Bf5 20. Ne1 Qe4
21. Qxe4 Bxe4 22. f3 Bg6 23. b3 h5 24. Kf2 Bh4+ 25. Bg3 Be7 26. Bf4 Ba3 27.
Rxd8+ Rxd8 28. Rc7 Bc5+ 29. Kf1 a5 30. Ke2 Bb1 31. a4 Re8+ 32. Kf1 Bf5 33. Rb7
Bb4 34. Rb8 Rxb8 35. Bxb8 Be6 36. Nd3 Bc3 37. Bc7 Bd4 0-1

[Event "KNSB Meesterklasse 2023-2024"]
[Site "?"]
[Date "2023.10.07"]
[Round "2.1"]
[White "Agter, Frank"]
[Black "Zwirs, Nico"]
[Result "1/2-1/2"]
[WhiteElo "2229"]
[BlackElo "2444"]
[PlyCount "132"]
[EventDate "2023.09.16"]
[EventType "team-tourn"]
[EventRounds "9"]
[EventCountry "NED"]
[WhiteTeam "De Waagtoren"]
[BlackTeam "Apeldoorn"]
[WhiteTeamCountry "NED"]
[BlackTeamCountry "NED"]

1. c4 e6 2. g3 d5 3. Bg2 Nf6 4. Nf3 d4 5. O-O c5 6. e3 Nc6 7. exd4 cxd4 8. d3
h6 9. Re1 Bd6 10. b3 O-O 11. Bb2 e5 12. c5 Bc7 13. Nbd2 Re8 14. a3 a5 15. Rc1
Be6 16. Nc4 Nd7 17. Nd6 Bxd6 18. cxd6 Qb8 19. Nd2 Qxd6 20. Nc4 Qc7 21. b4 axb4
22. axb4 Bxc4 23. Rxc4 Qd6 24. Qb3 Nb6 25. Rc5 Na4 26. Rb5 Nxb2 27. Rxb7 Nd8
28. Rb5 Nxd3 29. Qxd3 Rc8 30. Rd5 Qxb4 31. Rexe5 Rxe5 32. Rxe5 Ne6 33. h4 Qc3
34. Qe4 d3 35. Rd5 Nc5 36. Qd4 Qe1+ 37. Kh2 Ne6 38. Qe3 Qxe3 39. fxe3 Rd8 40.
Rxd8+ Nxd8 41. Kg1 Ne6 42. Kf2 f5 43. Bd5 Kf7 44. Bc4 d2 45. Ke2 Kf6 46. Bxe6
Kxe6 47. Kxd2 Ke5 48. Ke2 Ke4 49. Kf2 g5 50. hxg5 hxg5 51. g4 f4 52. exf4 Kxf4
53. Kf1 Kf3 54. Kg1 Kg3 55. Kf1 Kh2 56. Kf2 Kh3 57. Kf1 Kh4 58. Kf2 Kxg4 59.
Kg2 Kf4 60. Kf2 g4 61. Kg2 g3 62. Kg1 Kg5 63. Kg2 Kg4 64. Kg1 Kh3 65. Kh1 g2+
66. Kg1 Kg3 1/2-1/2